000 00426nam a2200181Ia 4500
008 151018s9999 xx 000 0 und d
082 _bRBASDV5784
_a133
100 _a-
245 _aReaders Digest Jan t Mar.1965
250 _b1
260 _bRediance
_c1961
300 _a174
600 _a-
630 _aReaders Digest Jan t Mar.1965
700 _a-
730 _aReaders Digest Jan t Mar.1965
942 _cBOOK
999 _c1008166
_d1008163